Exploring corporate strategy [text and cases]

Saved in:
Bibliographic Details
Main Author: Johnson, Gerry
Other Authors: Scholes, Kevan, Whittington, Richard
Format: Book
Language:English
Published: Harlow Prentice Hall 2005
Edition:7. ed.
Subjects:
Tags: Add Tag
No Tags, Be the first to tag this record!

MARC

LEADER 00000nam$a2200000$$$4500
001 0028785
005 20240312115634.7
020 |a 0-273-68734-4 
041 0 |a eng 
044 |a GB 
245 1 0 |a Exploring corporate strategy  |b [text and cases]  |c Gerry Johnson, Kevan Scholes, Richard Whittington 
250 |a 7. ed. 
264 1 |a Harlow  |b Prentice Hall  |c 2005 
300 |a 1033 s. 
610 2 0 |a stratégia podniková 
610 2 0 |a podnik 
610 2 0 |a organizácie 
610 2 0 |a manažment 
610 2 0 |a manažment strategický 
610 2 0 |a riadenie podnikové 
610 2 0 |a etika podniková 
610 2 0 |a konkurencia 
610 2 0 |a podnikanie medzinárodné 
100 1 |a Johnson, Gerry 
700 1 |a Scholes, Kevan 
700 1 |a Whittington, Richard